[Event "September Standard"]
[Site "SchemingMind.com"]
[Date "2005.09.05"]
[Round "-"]
[White "MF McGill"]
[Black "Neil"]
[Result "0-1"]
[WhiteCountry "USA"]
[BlackCountry "USA"]
[WhiteElo "1403"]
[WhiteRD "123"]
[BlackElo "1676"]
[BlackRD "156"]
[GameID "23922"]

1. e3 e5 2. Nc3 d5 3. g3 Nf6 4. h4 b6 5. a3 Bb7 6. b4 d4 7. Nce2 Bxh1 8. exd4 Nc6 9. dxe5 Nxe5 10. Nh3 Nf3#
0-1

[Event "September Standard"]
[Site "SchemingMind.com"]
[Date "2005.09.11"]
[Round "-"]
[White "capablanca"]
[Black "cnbcad"]
[Result "1-0"]
[WhiteCountry "GER"]
[BlackCountry "USA"]
[WhiteElo "1633"]
[WhiteRD "67"]
[BlackElo "1530"]
[BlackRD "50"]
[GameID "23979"]

1. e4 e5 2. Nf3 Nc6 3. Bc4 Be7 4. d4 Nf6 5. dxe5 Nxe4 6. Qd5 O-O 7. Qxe4 Re8 8. O-O Bc5 9. Qd5 Rf8 10. Qxc5 b6
11. Qa3 Nb4 12. Qxb4 a5 13. Qd2 c6 14. Qd6 b5 15. Bd3 Ra6 16. Bg5 Qe8 17. Be7 c5 18. Qxc5 Rc6 19. Qxb5 Qxe7 20. Qxa5 Bb7
21. Qe1 Re6 22. Nbd2 d6 23. Bf5 Rf6 24. exf6
1-0

[Event "September Standard"]
[Site "SchemingMind.com"]
[Date "2005.09.11"]
[Round "-"]
[White "capablanca"]
[Black "Neil"]
[Result "1-0"]
[WhiteCountry "GER"]
[BlackCountry "USA"]
[WhiteElo "1660"]
[WhiteRD "64"]
[BlackElo "1487"]
[BlackRD "100"]
[GameID "23980"]

1. e4 e5 2. Nf3 Nc6 3. Bc4 Nf6 4. O-O Nxe4 5. Re1 f5 6. d4 d6 7. dxe5 dxe5 8. Qxd8+ Nxd8 9. Nxe5 Bd6 10. Nd3 Nc6
11. f3 Bd7 12. fxe4 O-O-O 13. exf5 Bxf5 14. Bg5 Rd7 15. Nc3 h6 16. Be3 g5 17. Rad1 Rhd8 18. Rf1 Bg4 19. Rde1 Ne5 20. h3 Nxc4
21. hxg4 Nxe3 22. Rxe3 Bc5 23. Nxc5 Rd2 24. Re2 b6 25. Rxd2 Rxd2 26. Rf8+ Rd8 27. Rxd8+ Kxd8 28. N5e4 c5 29. Kf2 a5 30. Ke3 c4
31. Kd4
1-0

[Event "September Standard"]
[Site "SchemingMind.com"]
[Date "2005.09.11"]
[Round "-"]
[White "capablanca"]
[Black "sdshuey"]
[Result "1-0"]
[WhiteCountry "GER"]
[BlackCountry "USA"]
[WhiteElo "1624"]
[WhiteRD "62"]
[BlackElo "1430"]
[BlackRD "120"]
[GameID "23981"]

1. e4 c5 2. Nf3 Nf6 3. e5 Nd5 4. c4 Nf4 5. g3 Ne6 6. Bg2 f6 7. O-O Nc6 8. exf6 gxf6 9. Nc3 Ng5 10. Nxg5 fxg5
11. Qh5#
1-0

[Event "September Standard"]
[Site "SchemingMind.com"]
[Date "2005.09.11"]
[Round "-"]
[White "capablanca"]
[Black "paddyBosnian"]
[Result "0-1"]
[WhiteCountry "GER"]
[BlackCountry "BIH"]
[WhiteElo "1624"]
[WhiteRD "62"]
[BlackElo "1826"]
[BlackRD "95"]
[GameID "23982"]

1. e4 c6 2. d4 d5 3. e5 Bf5 4. Bd3 Bxd3 5. Qxd3 e6 6. Nf3 Qb6 7. O-O c5 8. c3 Nc6 9. Nbd2 Nge7 10. b3 Nf5
11. Bb2 Rc8 12. Rfe1 c4 13. Qe2 cxb3 14. axb3 Be7 15. Nf1 Qxb3 16. Rab1 Na5 17. Ba1 Qc4 18. Qc2 Nxd4 19. Nxd4 Qxd4 20. Qxh7 Qxf2+
21. Kxf2 Rxh7 22. Kg1 b6 23. Ne3 Bc5 24. Kh1 Bxe3 25. Rxe3 Nc4 26. Re2 Ke7 27. Bb2 Nxb2 28. Rexb2 Rxc3 29. h3 Rh4 30. Ra2 Rc7
31. Rba1 a5 32. Rb2 Rc6 33. Rab1 Re4 34. Rxb6 Rxb6
0-1

[Event "September Standard"]
[Site "SchemingMind.com"]
[Date "2005.09.11"]
[Round "-"]
[White "capablanca"]
[Black "MF McGill"]
[Result "1-0"]
[WhiteCountry "GER"]
[BlackCountry "USA"]
[WhiteElo "1624"]
[WhiteRD "62"]
[BlackElo "1403"]
[BlackRD "123"]
[GameID "23983"]

1. e4 Nc6 2. d4 f6 3. Nf3 d6 4. Nc3 e5 5. dxe5 fxe5 6. Bg5 Be7 7. Bxe7 Qxe7 8. Nd5 Qd7 9. Bb5 a6 10. Bxc6 bxc6
11. Nc3 h6 12. Nh4 Ne7 13. Qh5+ Kf8 14. O-O-O g6 15. Nxg6+ Nxg6 16. Qxg6 c5 17. Nd5 c6 18. Qf6+ Kg8 19. Ne7+ Qxe7 20. Qxe7 Bg4
21. f3 Bh5 22. Rxd6 Re8 23. Rd8 Rxd8 24. Qxd8+ Kg7 25. Qe7+ Kg6 26. Qxe5 Rg8 27. Qf5+ Kg7 28. Qxh5 c4 29. Rd1 c3 30. Rd7+ Kf8
31. Qf7#
1-0

[Event "September Standard"]
[Site "SchemingMind.com"]
[Date "2005.09.11"]
[Round "-"]
[White "capablanca"]
[Black "agarr"]
[Result "1-0"]
[WhiteCountry "GER"]
[BlackCountry "RUS"]
[WhiteElo "1624"]
[WhiteRD "62"]
[BlackElo "1683"]
[BlackRD "114"]
[GameID "23984"]

1. e4 e5 2. Nf3 Nc6 3. Bc4 Bc5 4. c3 Nf6 5. O-O O-O 6. d4 exd4 7. cxd4 Bb6 8. d5 Ne7 9. e5 Nfxd5 10. Bxd5 Nxd5
11. Qxd5
1-0

[Event "September Standard"]
[Site "SchemingMind.com"]
[Date "2005.09.05"]
[Round "-"]
[White "cnbcad"]
[Black "capablanca"]
[Result "0-1"]
[WhiteCountry "USA"]
[BlackCountry "GER"]
[WhiteElo "1532"]
[WhiteRD "52"]
[BlackElo "1616"]
[BlackRD "61"]
[GameID "23985"]

1. e4 e5 2. Nf3 Nc6 3. Bc4 Bc5 4. O-O Nf6 5. Ng5 O-O 6. b3 h6 7. Nf3 d6 8. c3 Nxe4 9. b4 Bb6 10. d3 Nf6
11. a4 a6 12. a5 Ba7 13. Nbd2 Qe7 14. Ne4 Nxe4 15. dxe4 Be6 16. Bxe6 Qxe6 17. h3 Ne7 18. Re1 Ng6 19. Be3 Bxe3 20. Rxe3 Rfe8
21. Nh2 Nf4 22. Rg3 d5 23. exd5 Qxd5 24. Qg4 g6 25. h4 h5 26. Qf3 Qxf3 27. Nxf3 Ne2+ 28. Kh2 Nxg3 29. Kxg3 Rad8 30. Re1 Rd3
31. Kh2 Rxc3 32. Nxe5 f6 33. Nf3 Rxe1 34. Nxe1 Kf7 35. Nf3 Rb3 36. Nd2 Rxb4
0-1

[Event "September Standard"]
[Site "SchemingMind.com"]
[Date "2005.09.05"]
[Round "-"]
[White "Neil"]
[Black "capablanca"]
[Result "0-1"]
[WhiteCountry "USA"]
[BlackCountry "GER"]
[WhiteElo "1487"]
[WhiteRD "100"]
[BlackElo "1660"]
[BlackRD "64"]
[GameID "23986"]

1. e4 e5 2. Nf3 Nc6 3. Bb5 a6 4. Bxc6 dxc6 5. Nxe5 Qd4 6. Nf3 Qxe4+ 7. Qe2 Qxe2+ 8. Kxe2 Bg4 9. Re1 O-O-O 10. Kf1 Bxf3
11. gxf3 Bd6 12. Kg1 Ne7 13. d4 Nf5 14. c3 Rhe8 15. Bd2 Rxe1+ 16. Bxe1 Nh4 17. Nd2 Bf4 18. Ne4 Nxf3+ 19. Kf1 Nxe1 20. Rxe1 Bxh2
21. Ng5 f6 22. Nxh7 Rh8 23. Kg2 Bf4 24. Re4 Bh6 25. f4 Rxh7 26. f5 Kd7 27. d5 cxd5 28. Rd4 c6 29. c4 Be3 30. Rd3 d4
31. b4 Rh5 32. b5 Rxf5 33. bxc6+ Kxc6 34. Rd1 Rf2+ 35. Kh3 Rxa2 36. Kg4 g6 37. Rf1 f5+ 38. Kg3 Rc2 39. Rh1 Rxc4 40. Rh8 d3
41. Rc8+ Kb5 42. Rd8 d2 43. Rd5+ Kc6 44. Rd3 Rd4 45. Rxe3 f4+
0-1

[Event "September Standard"]
[Site "SchemingMind.com"]
[Date "2005.09.05"]
[Round "-"]
[White "sdshuey"]
[Black "capablanca"]
[Result "0-1"]
[WhiteCountry "USA"]
[BlackCountry "GER"]
[WhiteElo "1430"]
[WhiteRD "120"]
[BlackElo "1624"]
[BlackRD "62"]
[GameID "23987"]

1. e4 e5 2. d3 Nf6 3. f4 exf4 4. Bxf4 d6 5. Nf3 Nc6 6. Nc3 g6 7. g3 Bg7 8. Bg2 O-O 9. O-O Bg4 10. Nd5 Nd4
11. h3 Bxf3 12. Bxf3 Nxd5 13. exd5 Nxf3+ 14. Qxf3 Bxb2 15. Rab1 Bd4+ 16. Be3 Bxe3+ 17. Qxe3 Re8 18. Qd4 b6 19. h4 Qd7 20. g4 Re2
21. h5 gxh5 22. gxh5 Qh3 23. Qf4 Qg2#
0-1

[Event "September Standard"]
[Site "SchemingMind.com"]
[Date "2005.09.05"]
[Round "-"]
[White "paddyBosnian"]
[Black "capablanca"]
[Result "1-0"]
[WhiteCountry "BIH"]
[BlackCountry "GER"]
[WhiteElo "1840"]
[WhiteRD "77"]
[BlackElo "1633"]
[BlackRD "67"]
[GameID "23988"]

1. d4 d5 2. c4 c6 3. Nc3 Nf6 4. Nf3 g6 5. Bf4 Bg7 6. e3 O-O 7. Rc1 dxc4 8. Bxc4 Bg4 9. h3 Bf5 10. g4 Be4
11. Nxe4 Nxe4 12. Qc2 Nd6 13. Bb3 Nd7 14. h4 Nf6 15. g5 Nd5 16. Bxd6 Qxd6 17. h5 e5 18. hxg6 fxg6 19. Nxe5 Bxe5 20. dxe5 Qxe5
21. e4 Kg7 22. Bxd5 cxd5 23. Qc7+ Qxc7 24. Rxc7+ Kg8 25. Rhxh7 Rfe8 26. Rcg7+ Kf8 27. Rxb7 Rxe4+ 28. Kd2 Kg8 29. Rbg7+ Kf8 30. Rxg6 Rae8
31. Rh8+ Kf7 32. Rf6+ Kg7 33. Rxe8 Rxe8 34. Rd6 Rf8 35. Rxd5 Rxf2+ 36. Kc3
1-0

[Event "September Standard"]
[Site "SchemingMind.com"]
[Date "2005.09.06"]
[Round "-"]
[White "MF McGill"]
[Black "capablanca"]
[Result "0-1"]
[WhiteCountry "USA"]
[BlackCountry "GER"]
[WhiteElo "1403"]
[WhiteRD "123"]
[BlackElo "1624"]
[BlackRD "62"]
[GameID "23989"]

1. e3 e5 2. Nc3 d5 3. f3 Nf6 4. f4 exf4 5. Qe2 fxe3 6. Qxe3+ Be7 7. g3 d4 8. Qf3 dxc3 9. bxc3 Nc6 10. h3 O-O
11. Bd3 Ne5 12. Qe3 Nxd3+ 13. cxd3 Re8 14. g4 Bd6 15. Qxe8+ Qxe8+ 16. Kf1 Bd7 17. g5 Nh5 18. h4 Ng3+ 19. Kg2 Bc6+ 20. Kf2 Nxh1+
21. Kf1 Ng3+ 22. Kf2 Qe5 23. Bb2 Qf4+ 24. Ke1 Qf1#
0-1

[Event "September Standard"]
[Site "SchemingMind.com"]
[Date "2005.09.05"]
[Round "-"]
[White "agarr"]
[Black "capablanca"]
[Result "1-0"]
[WhiteCountry "RUS"]
[BlackCountry "GER"]
[WhiteElo "1683"]
[WhiteRD "114"]
[BlackElo "1624"]
[BlackRD "62"]
[GameID "23990"]

1. e4 e5 2. Nf3 Nc6 3. Bc4 Bc5 4. c3 Nf6 5. d4 exd4 6. cxd4 Bb4+ 7. Bd2 Bxd2+ 8. Nbxd2 O-O 9. e5 Ne8 10. O-O d6
11. Re1 Bg4 12. Qc2 dxe5 13. dxe5 Na5 14. Rad1 Nxc4 15. Qxc4 Bxf3 16. Nxf3 c6 17. Rxd8
1-0

[Event "September Standard"]
[Site "SchemingMind.com"]
[Date "2005.09.05"]
[Round "-"]
[White "bigfoot1"]
[Black "cnbcad"]
[Result "0-1"]
[WhiteCountry "FRA"]
[BlackCountry "USA"]
[WhiteElo "1841"]
[WhiteRD "69"]
[BlackElo "1530"]
[BlackRD "50"]
[GameID "23991"]

1. e4 e5 2. Nf3 d5 3. exd5 e4 4. Qe2 Nf6 5. d3 Bd6 6. Nbd2 O-O 7. dxe4 Bg4 8. Qc4 Bxf3 9. Nxf3 Re8 10. Bg5 h6
11. Bh4 g5 12. O-O-O gxh4 13. Bd3 c6 14. dxc6 Nxc6 15. e5 Nxe5 16. Nxe5 Rxe5 17. g3 Rc8 18. Qb3 Ng4 19. f4 Re3 20. Rdf1 hxg3
21. hxg3 b6 22. Kd2 Be7 23. Re1 Bc5 24. Kc1 a5 25. Rxe3 Bxe3+ 26. Kb1 Nf2 27. Bg6 Rc7 28. Re1 Qd2 29. Bxf7+ Kg7 30. Qxe3 Qxc2+
31. Ka1 Nd3
0-1

[Event "September Standard"]
[Site "SchemingMind.com"]
[Date "2005.09.05"]
[Round "-"]
[White "bigfoot1"]
[Black "capablanca"]
[Result "1-0"]
[WhiteCountry "FRA"]
[BlackCountry "GER"]
[WhiteElo "1835"]
[WhiteRD "75"]
[BlackElo "1624"]
[BlackRD "62"]
[GameID "23992"]

1. e4 e5 2. Nf3 Nc6 3. Bb5 a6 4. Ba4 Nf6 5. O-O b5 6. Bb3 Be7 7. Re1 d6 8. c3 O-O 9. h3 Bb7 10. d4 exd4
11. cxd4 Na5 12. Bc2 Nc4 13. b3 Nb6 14. Bf4 c5 15. d5 Nh5 16. Bd2 Bf6 17. e5 dxe5 18. Nxe5 Qxd5 19. Be4 Qxe5 20. Bxh7+
1-0

[Event "September Standard"]
[Site "SchemingMind.com"]
[Date "2005.09.05"]
[Round "-"]
[White "bigfoot1"]
[Black "Neil"]
[Result "1-0"]
[WhiteCountry "FRA"]
[BlackCountry "USA"]
[WhiteElo "1841"]
[WhiteRD "69"]
[BlackElo "1539"]
[BlackRD "105"]
[GameID "23993"]

1. e4 e5 2. Nf3 Nf6 3. Nxe5 d6 4. Nf3 Nxe4 5. d4 c5 6. dxc5 Nxc5 7. Bc4 Qe7+ 8. Be3 g6 9. O-O Bg7 10. c3 O-O
11. Nbd2 Nc6 12. Re1 Bg4 13. Bxc5 Qc7 14. Be3 Ne5 15. Be2 Bxf3 16. Nxf3 Rad8 17. Qb3 Nxf3+ 18. Bxf3 b5 19. Rad1 a6 20. Rd5 Rfe8
21. Red1 Re7 22. Bg5 f6 23. Rc5+ d5 24. Rxc7 Rxc7 25. Rxd5 Rxd5 26. Qxd5+ Rf7 27. Qe6 fxg5 28. Bd5 Bxc3 29. Qxf7+ Kh8 30. Qg8#
1-0

[Event "September Standard"]
[Site "SchemingMind.com"]
[Date "2005.09.05"]
[Round "-"]
[White "bigfoot1"]
[Black "sdshuey"]
[Result "1-0"]
[WhiteCountry "FRA"]
[BlackCountry "USA"]
[WhiteElo "1835"]
[WhiteRD "75"]
[BlackElo "1430"]
[BlackRD "120"]
[GameID "23994"]

1. e4 c5 2. Nf3 d6 3. d4 Bg4 4. d5 Nf6 5. Qd3 e6 6. dxe6 fxe6 7. e5 dxe5 8. Qxd8+ Kxd8 9. Nxe5 Bh5 10. Bc4 Bd6
11. Bf4 Rf8 12. Nc6+ Nxc6 13. Bxd6 Re8 14. Nc3 Nd4 15. O-O b6 16. f3 e5 17. Rad1 Nxc2 18. Bxe5+ Kc8 19. Ba6#
1-0

[Event "September Standard"]
[Site "SchemingMind.com"]
[Date "2005.09.05"]
[Round "-"]
[White "bigfoot1"]
[Black "paddyBosnian"]
[Result "1-0"]
[WhiteCountry "FRA"]
[BlackCountry "BIH"]
[WhiteElo "1835"]
[WhiteRD "75"]
[BlackElo "1826"]
[BlackRD "95"]
[GameID "23995"]

1. e4 c6 2. d4 d5 3. e5 Bf5 4. h4 h5 5. Ne2 e6 6. Ng3 Bg6 7. Be2 c5 8. c3 Nc6 9. Nd2 Qb6 10. Nb3 cxd4
11. cxd4 Bb4+ 12. Bd2 Nxd4 13. Nxd4 Bc5 14. Qa4+ Kd8 15. Ba5 Bxd4 16. Bxb6+ Bxb6 17. Rc1 Ne7 18. O-O Nc6 19. Rxc6 bxc6 20. Qxc6 Rc8
21. Qd6+
1-0

[Event "September Standard"]
[Site "SchemingMind.com"]
[Date "2005.09.05"]
[Round "-"]
[White "bigfoot1"]
[Black "MF McGill"]
[Result "1-0"]
[WhiteCountry "FRA"]
[BlackCountry "USA"]
[WhiteElo "1835"]
[WhiteRD "75"]
[BlackElo "1403"]
[BlackRD "123"]
[GameID "23996"]

1. e4 e6 2. d4 c6 3. Nf3 h5 4. Nc3 a5 5. Be2 g6 6. a3 Nf6 7. d5 Be7 8. d6 Bf8 9. e5 Ng4 10. O-O Qb6
11. Na4 Qa7 12. h3 Nxf2 13. Rxf2 f5 14. exf6 b5 15. Nc3 Bxd6 16. Qxd6 Kd8 17. Bg5 Ba6 18. f7+ Kc8 19. f8=Q+ Rxf8 20. Qxf8+ Kc7
21. Qd8+ Kb7 22. Ne4 d5 23. Nd6#
1-0

[Event "September Standard"]
[Site "SchemingMind.com"]
[Date "2005.09.05"]
[Round "-"]
[White "bigfoot1"]
[Black "agarr"]
[Result "1-0"]
[WhiteCountry "FRA"]
[BlackCountry "RUS"]
[WhiteElo "1835"]
[WhiteRD "75"]
[BlackElo "1683"]
[BlackRD "114"]
[GameID "23997"]

1. e4 e5 2. Nf3 Nc6 3. Bb5 d6 4. d4 Bd7 5. O-O a6 6. Ba4 exd4 7. Nxd4 Nxd4 8. Bxd7+ Qxd7 9. Qxd4 Nf6 10. Nc3 Be7
11. Rd1 Rd8 12. Bg5 O-O 13. e5 dxe5 14. Qxd7 Rxd7 15. Rxd7 Nxd7 16. Bxe7 Re8 17. Ba3
1-0

[Event "September Standard"]
[Site "SchemingMind.com"]
[Date "2005.09.05"]
[Round "-"]
[White "cnbcad"]
[Black "bigfoot1"]
[Result "0-1"]
[WhiteCountry "USA"]
[BlackCountry "FRA"]
[WhiteElo "1530"]
[WhiteRD "50"]
[BlackElo "1841"]
[BlackRD "69"]
[GameID "23998"]

1. e4 e6 2. d4 d5 3. e5 c5 4. c3 Qb6 5. Nf3 Nc6 6. Be2 Nh6 7. Bxh6 gxh6 8. O-O Qxb2 9. Nbd2 c4 10. a4 Qxc3
11. a5 Nxd4 12. Nxd4 Qxd4 13. Nf3 Qg4 14. h3 Qg6 15. Qa4+ Bd7 16. Qb4 Bxb4 17. Rab1 Bxa5 18. Rxb7 Bb6 19. Ra1 Rg8 20. Rxb6 Qxg2#
0-1

[Event "September Standard"]
[Site "SchemingMind.com"]
[Date "2005.09.11"]
[Round "-"]
[White "capablanca"]
[Black "bigfoot1"]
[Result "0-1"]
[WhiteCountry "GER"]
[BlackCountry "FRA"]
[WhiteElo "1633"]
[WhiteRD "67"]
[BlackElo "1841"]
[BlackRD "69"]
[GameID "23999"]

1. e4 e6 2. d4 d5 3. exd5 exd5 4. Nc3 Bb4 5. Bd2 Nc6 6. Nf3 Nf6 7. Bb5 O-O 8. O-O Bg4 9. a3 Ba5 10. Be2 h6
11. h3 Bh5 12. Na4 Bxd2 13. Qxd2 Ne4 14. Qd3 a6 15. Nd2 Bg6 16. Qe3 Re8 17. Nxe4 Rxe4 18. Qd2 Rxd4
0-1

[Event "September Standard"]
[Site "SchemingMind.com"]
[Date "2005.09.05"]
[Round "-"]
[White "Neil"]
[Black "bigfoot1"]
[Result "0-1"]
[WhiteCountry "USA"]
[BlackCountry "FRA"]
[WhiteElo "1539"]
[WhiteRD "105"]
[BlackElo "1841"]
[BlackRD "69"]
[GameID "24000"]

1. d4 Nf6 2. Nc3 g6 3. e4 d6 4. Bg5 Bg7 5. Bxf6 exf6 6. Nf3 O-O 7. Qd2 Re8 8. O-O-O c6 9. Bd3 b5 10. Rhe1 Bd7
11. g4 Bxg4 12. Be2 Qa5 13. Qf4 Bxf3 14. Bxf3 b4 15. Ne2 Qxa2 16. Qxd6 Na6 17. Qxc6 Rac8 18. Qb7 Bh6+ 19. Rd2 Qa1#
0-1

[Event "September Standard"]
[Site "SchemingMind.com"]
[Date "2005.09.05"]
[Round "-"]
[White "sdshuey"]
[Black "bigfoot1"]
[Result "0-1"]
[WhiteCountry "USA"]
[BlackCountry "FRA"]
[WhiteElo "1469"]
[WhiteRD "83"]
[BlackElo "1841"]
[BlackRD "69"]
[GameID "24001"]

1. e4 e6 2. f4 d5 3. d3 c5 4. Nf3 Nc6 5. c4 d4 6. Ne5 Nxe5 7. fxe5 g6 8. a3 Bg7 9. b4 Bxe5 10. g3 Bd7
11. bxc5 Qa5+ 12. Bd2 Qxc5 13. Qb3 Qc7 14. Bf4 Bxf4 15. gxf4 Ne7 16. Qb2 Nc6 17. Nd2 Qxf4 18. O-O-O O-O 19. Bg2 Qd6 20. Nf3 e5
21. Rhf1 Rab8 22. h4 b5 23. cxb5 Rfc8 24. Ng5 Na5+ 25. Kd2 Rxb5 26. Qa2 Be6 27. Nxe6 Qxe6 28. Qxe6 fxe6 29. Bh3 Rb2+ 30. Ke1 Rcc2
31. Bxe6+ Kg7 32. Bg4 Nb3 33. Rg1 Nc1 34. Bf3 Ne2 35. Rg2 Nf4 36. Rxc2 Rxc2 37. Rd2 Rc3 38. Be2 Rxa3 39. Kf2 a5 40. Kg3 Nxe2+
41. Rxe2 Rxd3+ 42. Kf2 a4 43. Ra2 a3 44. Ke2 Re3+ 45. Kd2 Rh3 46. Ke2 Rh2+ 47. Kd3 Rxa2 48. Kc4 Rh2 49. Kd5 a2 50. Kxe5 a1=Q
0-1

[Event "September Standard"]
[Site "SchemingMind.com"]
[Date "2005.09.05"]
[Round "-"]
[White "paddyBosnian"]
[Black "bigfoot1"]
[Result "1-0"]
[WhiteCountry "BIH"]
[BlackCountry "FRA"]
[WhiteElo "1840"]
[WhiteRD "77"]
[BlackElo "1841"]
[BlackRD "69"]
[GameID "24002"]

1. d4 Nf6 2. c4 g6 3. Nc3 Bg7 4. e4 d6 5. f4 O-O 6. Nf3 c5 7. d5 e6 8. Be2 exd5 9. exd5 Bf5 10. O-O Re8
11. Bd3 Bxd3 12. Qxd3 Qd7 13. f5 Ng4 14. Bf4 Na6 15. a3 Nc7 16. Rac1 Re7 17. b4 b6 18. Rc2 Rae8 19. fxg6 fxg6 20. Ng5 Bd4+
21. Kh1 Re1 22. Nce4 Qf5 23. Qf3 Nf2+ 24. Rxf2 Bxf2 25. Qxf2 R8xe4 26. Rxe1 Rxf4 27. Nf3 Rxc4 28. Qe2 Qxd5 29. Qe7 Qf7 30. Qd8+ Qf8
31. Qxc7 d5 32. Qxa7 Re4 33. Rxe4 dxe4 34. Ng1 cxb4 35. axb4 Qxb4 36. Qb8+ Kg7 37. h3 b5 38. Qc7+ Kh6 39. Qe5 Qc4 40. Qf6 b4
41. Qf8+ Kg5 42. g3 Qc7 43. Qxb4 Qc6 44. Nf3+ Kf6 45. Qf8+ Ke6 46. Nd4+
1-0

[Event "September Standard"]
[Site "SchemingMind.com"]
[Date "2005.09.06"]
[Round "-"]
[White "MF McGill"]
[Black "bigfoot1"]
[Result "0-1"]
[WhiteCountry "USA"]
[BlackCountry "FRA"]
[WhiteElo "1248"]
[WhiteRD "98"]
[BlackElo "1841"]
[BlackRD "69"]
[GameID "24003"]

1. e3 e5 2. Nc3 Nf6 3. g3 d5 4. a3 a6 5. Na4 Bd6 6. c3 b5 7. Nb6 cxb6 8. b4 O-O 9. h3 Qc7 10. f4 Nc6
11. d4 exd4 12. cxd4 Re8 13. Nf3 Bf5 14. Ng5 Re7 15. h4 Ng4 16. Qd2 Nxe3 17. h5 Nc4+ 18. Kf2 Nxd2 19. h6 Bxf4 20. hxg7 Be3+
21. Kg2 Bxg5 22. Be2 Be4+ 23. Kf2 Bxh1 24. Kg1 Qxg3+ 25. Kxh1 Qh3+ 26. Kg1 Be3#
0-1

[Event "September Standard"]
[Site "SchemingMind.com"]
[Date "2005.09.05"]
[Round "-"]
[White "agarr"]
[Black "bigfoot1"]
[Result "1-0"]
[WhiteCountry "RUS"]
[BlackCountry "FRA"]
[WhiteElo "1685"]
[WhiteRD "91"]
[BlackElo "1841"]
[BlackRD "69"]
[GameID "24004"]

1. e4 e6 2. d4 d5 3. e5 c5 4. c3 Nc6 5. Nf3 Qb6 6. a3 Nh6 7. b4 cxd4 8. cxd4 Bd7 9. Bd3 a6 10. Be3 Nf5
11. Bxf5 exf5 12. Nc3 Ne7 13. O-O h6 14. Qb3 Be6 15. a4 g5 16. a5 Qa7 17. b5 Qb8 18. Rfb1 f4 19. Bd2 Qd8 20. Na4 Nf5
21. Nc5 g4 22. Ne1 g3 23. Nxb7 gxf2+ 24. Kxf2 Qh4+ 25. Kg1 Rg8 26. bxa6 Rg3 27. hxg3 Nxg3 28. Bxf4 Qh1+ 29. Kf2 Ne4+ 30. Ke3 Qg1+
31. Kd3 Qf1+ 32. Ke3 Qf2+ 33. Kd3 Qxf4 34. Qb5+ Bd7 35. Qxd5 Rc8 36. Nc5 Nxc5+ 37. dxc5 Rxc5 38. Rb8+ Bc8 39. Qd4 Qf5+ 40. Kd2 h5
41. Nd3 Bh6+ 42. Ke1 Rc7 43. a7
1-0